00263nam a2200121Ia 45000030006000000080041000060400015000471000017000622450024000792600009001035460012001120050017001240STCL150530s9999 xx 000 0 und d aSTCLcSTCL aBotkar, K.R. aIntegrated circuits c2002 aEnglish20220125170525.0